ბათუმის შოთა რუსთაველის სახელმწიფო უნივერსიტეტის ბიბლიოთეკა

უკრაინელ მეგობრებს (ბიბ.ჩანაწერი № 50490)

000 -LEADER
fixed length control field 00779nam a2200229Ia 4500
001 - CONTROL NUMBER
control field 17439
003 - CONTROL NUMBER IDENTIFIER
control field GE_BSU
008 - FIXED-LENGTH DATA ELEMENTS--GENERAL INFORMATION
fixed length control field 181216s||||||||xx |||||||||||||| ||und||
040 ## - CATALOGING SOURCE
Transcribing agency GE_BSU
080 ## - UNIVERSAL DECIMAL CLASSIFICATION NUMBER
Universal Decimal Classification number 821.353.1-1
100 ## - MAIN ENTRY--PERSONAL NAME
Personal name კალაძე,კარლო
245 ## - TITLE STATEMENT
Title უკრაინელ მეგობრებს
245 ## - TITLE STATEMENT
Remainder of title ლექსები
245 ## - TITLE STATEMENT
Statement of responsibility, etc. პ/მ რედ.:ი.აბაშიძე;მხატვ.:ს.კეცხოველი
260 ## - PUBLICATION, DISTRIBUTION, ETC.
Place of publication, distribution, etc. თბილისი
260 ## - PUBLICATION, DISTRIBUTION, ETC.
Name of publisher, distributor, etc. საბლიტგამი
260 ## - PUBLICATION, DISTRIBUTION, ETC.
Date of publication, distribution, etc. 1954
300 ## - PHYSICAL DESCRIPTION
Extent 96გვ.;17სმ
300 ## - PHYSICAL DESCRIPTION
Accompanying material ილ.გაშლილი თავფურცელი უკრაინულ ენაზე
653 ## - INDEX TERM--UNCONTROLLED
Uncontrolled term ლექსები
942 ## - ADDED ENTRY ELEMENTS (KOHA)
Koha item type წიგნი
ეგზემპლარები
Withdrawn status Lost status Damaged status Not for loan Date acquired Barcode Date last seen Price effective from Koha item type Public note
        2018-12-17 22245 2018-12-17 2018-12-17 წიგნი აგრარული ტექ.ფაკ.
        2018-12-17 22268 2018-12-17 2018-12-17 წიგნი აგრარული ტექ.ფაკ.